00271nam a2200109Ia 4500008004100000041000800041082002400049100002300073245001300096260004400109300000800153230411s9999 xx 000 0 und d aeng aF/617.93/PAR/B04411 aParulekar Shashank aBandages bVora Medical PublicationsaMumbaic1999 a96p